000 00355nam a2200121Ia 4500
008 241028s9999 xx 000 0 und d
041 _aeng
082 _a658.4034 SIM
100 _aSimchi-Levi, David
245 _aOperations Rules: Delivering Customer Value through Flexible Operations
260 _bThe MIT Press
_aLondon
_c2010
300 _a239;. P. 24 cm
999 _c43104
_d43104